عرض عادي
عرض مارك
- المساحة التصويرية.
مدخل مصطلح موضوعي
001 - رقم الضبط
- حقل الضبط: 19482
003 - معرف رقم الضبط
- حقل الضبط: OSt
005 - تاريخ ووقت أخر عملية
- حقل الضبط: 20130101095933.0
008 - عناصر بيانات ثابتة الطول
- حقل تحكم ثابت الطول: 130101|||a|||||| | ||| d
040 ## - مصدر الفهرسة
- هيئة الفهرسة الأصلية: OSt
- وكالة الكتابة: OSt
150 ## - مدخل-- مصطلح تاريخي
- عنصر مدخل المصطلح الموضوعي او الاسم الجغرافي: المساحة التصويرية.
670 ## - بيانات المصدر موجوده
- الاستشهاد بالمصدر: Work cat.: (OSt): علي، عبدالله الصادق. 19481, مقدمة في المساحة التصويرية التحليلية والرقمية /, 2006
